Египет (Запис номер 23426)
[ съкратено ]
| 000 -Лидер | |
|---|---|
| Контролно поле с фиксирана дължина | 02531nam a2200517 c 4500 |
| 003 - Код на организацията, давaща контролен номер | |
| Контролно поле | BLK |
| 005 - Дата и час на последна редакция | |
| Контролно поле | 20210127130143.0 |
| 008 - Елементи от данни с фиксирана дължина | |
| fixed length control field | 180413b bul|||||r ||||||| ||bul|| |
| 010 ## - Наследен системен номер | |
| LC control number | KNG00025904000 |
| 020 ## - Международен стандартен номер на книга ISBN | |
| Международен стандартен номер на книга ISBN | 954-481-003-Х |
| 020 ## - Международен стандартен номер на книга ISBN | |
| Международен стандартен номер на книга ISBN | 954-481-018-8 |
| 040 ## - Източник на каталожния запис | |
| Идентификатор на билиотеката - собственик на записа | BLK |
| 041 ## - Код за език | |
| Код за езика на текст/звукозапис или на отделно заглавие | Български |
| Код за езика КДБФ | Български |
| 080 ## - УДК | |
| Текстов определител УДК | История на Египет (до 640 г. н. е.) |
| УДК код - определител по УДК | 932 |
| УДК определител | :087.5 |
| УДК - код + определител | 932:087.5 |
| 080 ## - УДК | |
| Текстов определител УДК | Издания за деца и юноши. Книжки-картинки. Читанки. Вж и 372.4 |
| УДК код - определител по УДК | 087.5 |
| УДК - код + определител | 087.5 |
| 139 ## - Редно поле | |
| Редна дума | Бово, Жан-Люк и др. |
| Авторски знак | Бобч - Б 53 |
| 245 10 - Сведения за заглавието | |
| Заглавие | Египет |
| Подзаглавни данни | Фараоните и пирамидите |
| Редно поле (дума) | авт.-състав. Жан-Люк Бово; авт.-състав. Диан Арл; авт.-състав. Жьонвиев Пиера; ил. Етиен Супар; прев. от фр. Никола Георгиев. |
| 257 ## - Страна на издаване | |
| Страна на създаване/издаване | Франция |
| 260 ## - Област на издателските данни | |
| Описвани материали | - (т. 13) |
| Име на издателя, разпространителя и проч. | Класика-Гема |
| Година на издаване | 1998 |
| Печатница | София : Балкан прес |
| 300 ## - Физическа характеристика | |
| Страници | с. 193-208 |
| Илюстрации и др. | с ил. |
| Размери/Мащаб | 28 см |
| 380 ## - Жанр | |
| Жанр | Детска отраслова лит. |
| 490 ## - СЕРИИ (Колекции) | |
| Име на серия | Енциклопедия Larousse |
| №: серия | 13 |
| 9 (RLIN) | 204246 |
| 490 ## - СЕРИИ (Колекции) | |
| Име на серия | Еволюцията |
| 9 (RLIN) | 203564 |
| 500 ## - Общи забележки | |
| Забележка | Кор. опис. - Ориг. загл. L'Egipte et le Nil / J.-L. Bovot, D. Harle, G. Piettat. - Авт. отбелязани в библиогр. каре ; Други ил. Ж.-П. Ланж, Д. Моаньо, Ф. Биар. |
| 650 #4 - Допълнително описание по предмет – тема | |
| Основно описание – тема или топоним | История - Древен Египет |
| 9 (RLIN) | 251209 |
| 650 #4 - Допълнително описание по предмет – тема | |
| Основно описание – тема или топоним | Древен Египет |
| 9 (RLIN) | 242280 |
| 650 #4 - Допълнително описание по предмет – тема | |
| Основно описание – тема или топоним | Енциклопедии, детски |
| 9 (RLIN) | 154962 |
| 651 #4 - Допълнително описание по предмет - топоним | |
| Географско понятие | Древен Египет |
| 9 (RLIN) | 242280 |
| 653 ## - Ключова дума – ненормативна | |
| Ключова дума | Древен Египет |
| 653 ## - Ключова дума – ненормативна | |
| Ключова дума | фараони |
| 653 ## - Ключова дума – ненормативна | |
| Ключова дума | пирамиди |
| 653 ## - Ключова дума – ненормативна | |
| Ключова дума | история |
| 653 ## - Ключова дума – ненормативна | |
| Ключова дума | литература за деца |
| 653 ## - Ключова дума – ненормативна | |
| Ключова дума | детска литература |
| 653 ## - Ключова дума – ненормативна | |
| Ключова дума | бит |
| 700 1# - Други автори (авторска отговорност) | |
| Лично име | Бово, Жан-Люк |
| Автороска отговорност (Описва отношението между автора и произведението) | авт.-състав. |
| 9 (RLIN) | 266323 |
| 700 1# - Други автори (авторска отговорност) | |
| Лично име | Арл, Диан |
| Автороска отговорност (Описва отношението между автора и произведението) | авт.-състав. |
| 9 (RLIN) | 33448 |
| 700 1# - Други автори (авторска отговорност) | |
| Лично име | Пиера, Жьонвиев |
| Автороска отговорност (Описва отношението между автора и произведението) | авт.-състав. |
| 9 (RLIN) | 267061 |
| 700 1# - Други автори (авторска отговорност) | |
| Лично име | Супар, Етиен |
| Автороска отговорност (Описва отношението между автора и произведението) | ил. |
| 9 (RLIN) | 126821 |
| 700 1# - Други автори (авторска отговорност) | |
| Лично име | Георгиев, Никола |
| Автороска отговорност (Описва отношението между автора и произведението) | прев. от фр. |
| Друга информация | Андреев, Никола Георгиев |
| 9 (RLIN) | 364530 |
| 852 ## - Местоположение | |
| Форматна сигнатура | Цб ІІ 8691 |
| 856 4# - Електронен адрес и достъп | |
| Електронен формат | pdf - файл |
| Път до файла /url/ | |
| 856 4# - Електронен адрес и достъп | |
| Електронен формат | pdf - файл |
| Път до файла /url/ | |
| 999 ## - СИСТЕМНИ КОНТРОЛНИ НОМЕРА | |
| Koha biblionumber | 23426 |
| Koha biblioitemnumber | 23426 |
| 942 ## - АРТИКУЛИ | |
| Вид на библиотечния материал | Книги |
| Скрит в OPAC | Не |
| Периодичен библиозапис | Да |
| 944 ## - СЪЗДАВАНЕ И РЕДАКЦИЯ на ЗАПИСА | |
| Създаване/Редакция | Създаване |
| Дата на регистрацията/редакция | 15.01.2003 |
| Статус, дата на статуса | ф / |
| Служител, извършил регистрацията/редакцията | Наталия_Медовщикова |
| 944 ## - СЪЗДАВАНЕ И РЕДАКЦИЯ на ЗАПИСА | |
| Създаване/Редакция | Редакция |
| Дата на регистрацията/редакция | 24.09.2012 |
| Статус, дата на статуса | ф / |
| 999 ## - СИСТЕМНИ КОНТРОЛНИ НОМЕРА | |
| Koha biblioitemnumber | 23426 |
| Код за отписване | Код за изгубен артикул | Източник на класификационната схема | Код за повреда | Коз за рестрикции | Код за отдаване | Артикулен № | Име на библиотеката - собственик | Име на библиотеката, в която се намира в момента | Статус (Текущо местоположение) | Дата на вписване в системата | Местоположение - отдел | Цена в лева | Инвентарен номер | Систематично азбучна сигнатура | Баркод | Номер на екземпляра | Цена в евро | Служебна бележка | Служебен тип на артикула |
|---|---|---|---|---|---|---|---|---|---|---|---|---|---|---|---|---|---|---|---|
| Не е изгубен | Universal Decimal Classification | Не е повреден | без рестрикции | заемане за дома | 38722 | Регионална библиотека "Любен Каравелов" Русе | Регионална библиотека "Любен Каравелов" Русе | Детски отдел | 1998-01-01 | Детски отдел | 2.00 | 644850 | ДН 931/939/Б 53 | 120000644850 | 1 | 1.02 | N: стар фонд Дата: 01.01.1998 Дата инв: 05.10.2015 Бележки инв: Д2015 | Книги | |
| Не е изгубен | Universal Decimal Classification | Не е повреден | само за читалня | ползва се в читалня | 38723 | Регионална библиотека "Любен Каравелов" Русе | Регионална библиотека "Любен Каравелов" Русе | Хранилище | 1998-01-01 | Хранилище | 2.00 | 642837 | Цб ІІ 8691 | 120000642837 | 2 | 1.02 | N: стар фонд Дата: 01.01.1998 | Книги |